000 03966cam a2200505M 4500
001 9781003409977
003 FlBoTFG
005 20250103113434.0
006 m o d
007 cr |n|||||||||
008 230901s2023 xx o 0|| 0 eng d
040 _aOCoLC-P
_beng
_cOCoLC-P
020 _a9781000919189
_q(electronic bk.)
020 _a1000919188
_q(electronic bk.)
020 _a9781003409977
_q(electronic bk.)
020 _a1003409970
_q(electronic bk.)
020 _a9781000919196
_q(electronic bk. : EPUB)
020 _a1000919196
_q(electronic bk. : EPUB)
020 _z1032530235
020 _z9781032530239
020 _z103253060X
020 _z9781032530604
024 _a10.1201/9781003409977
_2doi
035 _a(OCoLC)1395538978
035 _a(OCoLC-P)1395538978
050 _aVK199
072 _aTRA
_x006000
_2bisacsh
072 _aTEC
_x017000
_2bisacsh
072 _aKNGS
_2bicssc
082 _a363.12/365
_223/eng/20230907
100 _aOlsen, Alexander Arnfinn.
245 _aMARITIME ACCIDENT AND INCIDENT INVESTIGATION
_h[electronic resource].
260 _a[S.l.] :
_bROUTLEDGE,
_c2023.
300 _a1 online resource
520 _aMaritime Accident and Incident Investigation covers a wide range of topics relating to maritime-orientated organisational hazards and risks, as well as root cause analyses and techniques for analysing evidence. Its approach to maritime casualty and incident investigation caters to the unique needs of the maritime industry and covers the human element, machinery and engineering, and structural and security concerns. The book is divided into four parts, which respectively introduce the concepts and theories of organisational risks and hazards; provide a framework structure for planning, initiating, performing, and closing out maritime casualty and incident investigations; provide an overview of the main forms of analyses; and offer a toolkit of forms and documents for preparing and carrying out incident investigations. Features: Focuses on basic principles independent of particular software or protocols, allowing customisation to the reader's own management system, Health, Safety and Environment (HSE) programmes, or related initiatives Supports the reader in applying class-related activities such as the provisions of the ISM Code and the International Ship and Port Facility Security (ISPS) Code The book is ideal for trainees, advanced students, and junior maritime professionals involved in the investigation of maritime accidents and incidents. Also available as online Support Material is a full MaRCIIF Toolkit, containing several resources, such as checklists, forms, and guidelines, useful in the execution of maritime incident investigations. Access the Support Material: www.routledge.com/9781032530239 Alexander Arnfinn Olsen is a Senior Consultant at RINA Consulting Defence UK. He is STCW II 1995 qualified and has also worked as a marine training designer, marine auditor, and fisheries observer. He is the author of Introduction to Ship Operations and Onboard Safety, Core Concepts of Maritime Navigation, Introduction to Ship Engine Room Systems, Maritime Cargo Operations, Merchant Ship Types, and Firefighting and Fire Safety Systems on Ships (with Routledge).
588 _aOCLC-licensed vendor bibliographic record.
650 _aTRANSPORTATION / Ships & Shipbuilding / General
_2bisacsh
650 _aTECHNOLOGY / Industrial Health & Safety
_2bisacsh
650 _aMarine accidents
_xInvestigation
_vHandbooks, manuals, etc.
650 _aMarine accidents
_xPrevention
_vHandbooks, manuals, etc.
650 _aMerchant marine
_xSafety measures
_vHandbooks, manuals, etc.
650 _aShipping
_xRisk management
_vHandbooks, manuals, etc.
856 _3Taylor & Francis
_uhttps://www.taylorfrancis.com/books/9781003409977
856 _3OCLC metadata license agreement
_uhttp://www.oclc.org/content/dam/oclc/forms/terms/vbrl-201703.pdf
999 _c12703
_d12703